Statistiques concernant Culture Générale - Série 1108

Cliquez ici pour prendre le quiz!

Statistiques générales

  • Ce quiz a été pris 45 fois
  • Le résultat moyen est 7 sur 10

Statistiques - réponses

Question Réponse % Correct
Lequel des quatre éléments peut être "de camp", "de joie" ou "de cheminée" ?feu
98%
Quelle préparation culinaire peut être : "à crêpes", "à choux" ou "à tartiner" ?pâte
95%
Quel pays d'Europe est à la fois voisin de l'Autriche et de la Roumanie ?Hongrie
88%
Tel le Petit Prince, quel animal Mylène Farmer demande-t-elle qu'on lui dessine dans l'une de ses chansons ?mouton
86%
Quelle vitamine, également appelée “rétinol”, est indispensable à la vision ?vitamine A
71%
Quel petit pays d'Afrique orientale est frontalier de la Somalie, de l'Éthiopie et de l'Érythrée ?Djibouti
71%
Fin 1986, qui était le président des États-Unis d'Amérique au moment du scandale de l'Irangate ?Ronald Reagan
67%
Quel pays d'Afrique australe a pour capitale la ville de Lusaka ?Zambie
57%
Qui a créé "Le Petit Conservatoire de la chanson", en 1955 ?Mireille
43%
Aux échecs, quel coup, consistant à sacrifier une pièce pour gagner un avantage en position, tire son nom d'un mot italien signifiant "croc-en-jambe" ?gambit
2%

Distribution des résultats

Percentile par nombre de réponses

% des personnes avec chaque résultat

Votre développement - résultats

Vous n’avez pas pris ce quiz